000 00705nam a2200253 i 4500
001 C2-0149570
003 PPAK
005 20180727131721.0
008 980324s1995 my |||| ||||| | may d
020 _a9839041193
040 _aPPAK
_beng
_cPPAK
_erda
082 0 4 _a371.332
_223
090 0 0 _a371.332
_bRAS
_dG
100 0 _aRashidi Azizan,
_eauthor
245 1 0 _aPengajaran dalam bilik darjah :
_bkaedah dan strategi
264 1 _aKajang, Selangor :
_bMasa Enterprise ,
_c1995
300 _aviii, 160 pages ;
_c22 cm
336 _2rdacontent
_atext
337 _2rdamedia
_aunmediated
338 _2rdacarrier
_avolume
650 1 0 _aTeaching - Miscellanea
700 _eauthor
942 _ddc
_cB
999 _c47169
_d47169